000 00287nam a22001337a 4500
008 180226b xxu||||| |||| 00| 0 eng d
020 _a9780815141211
041 _aeng
080 _a617
100 _a6
101 _aANE
245 _aRegional Anesthesia
_cHahn, M.B
942 _2udc
_cBK
999 _c43491
_d43491